[Event "Reykjavik op"]
[Site "Reykjavik"]
[Date "2015.03.17"]
[Round "9"]
[White "Gretarsson, Hjorvar Steinn"]
[Black "Soors, Stef"]
[Result "1-0"]
[WhiteElo "2554"]
[BlackElo "2408"]
[PlyCount "89"]
[EventDate "2015.03.10"]
[EventType "swiss"]
[EventRounds "10"]
[EventCountry "ISL"]
[SourceTitle "CBM 165 Extra"]
[Source "ChessBase"]
[SourceDate "2015.04.21"]
[SourceVersion "1"]
[SourceVersionDate "2015.04.21"]
[SourceQuality "1"]

1. d4 Nf6 2. c4 e6 3. Nf3 Bb4+ 4. Bd2 a5 5. a3 Bxd2+ 6. Qxd2 0-0 7. Nc3 d6 8. e4 Nc6 9. Be2 e5 10. d5 Nb8 11. 0-0 a4 12. Ne1 Na6 13. Nd3 Nc5 14. Nxc5 dxc5 15. Rae1 Ne8 16. f4 f6 17. fxe5 fxe5 18. Rxf8+ Kxf8 19. Bd1 Kg8 20. Nxa4 b6 21. Nc3 Nd6 22. Be2 Qh4 23. Bd3 Bd7 24. Qf2 Qxf2+ 25. Kxf2 Ba4 26. Rc1 Kf7 27. Ke3 Ke7 28. Nb1 Bd7 29. Nd2 Bg4 30. Be2 Bd7 31. Nf3 Nf7 32. Ne1 g6 33. Nd3 Kd6 34. h4 Nh6 35. Rf1 Rg8 36. h5 Rg7 37. hxg6 hxg6 38. b4 Rf7 39. Rh1 Ng8 40. Rh8 Nf6 41. bxc5+ bxc5 42. Ra8 Nh5 43. Bxh5 gxh5 44. Rh8 Rg7 45. Rh6+ 1-0

[Event "Reykjavik op"]
[Site "Reykjavik"]
[Date "2015.03.14"]
[Round "6"]
[White "Soors, Stef"]
[Black "Quillien, Emmanuel"]
[Result "1-0"]
[WhiteElo "2408"]
[BlackElo "2202"]
[PlyCount "135"]
[EventDate "2015.03.10"]
[EventType "swiss"]
[EventRounds "10"]
[EventCountry "ISL"]
[SourceTitle "CBM 165 Extra"]
[Source "ChessBase"]
[SourceDate "2015.04.21"]
[SourceVersion "1"]
[SourceVersionDate "2015.04.21"]
[SourceQuality "1"]

1. e4 e6 2. d4 d5 3. Nd2 Nc6 4. Ngf3 Nf6 5. e5 Nd7 6. Bd3 f6 7. Ng5 Ndxe5 8. dxe5 fxg5 9. Qh5+ g6 10. Bxg6+ Kd7 11. c4 Nxe5 12. Bc2 Qf6 13. 0-0 c6 14. Rd1 Kc7 15. b4 Bxb4 16. Rb1 Bxd2 17. Bxd2 Qf7 18. Qe2 Nxc4 19. Bxg5 b6 20. Rd4 Ba6 21. Rf4 Qd7 22. Bd3 Kb7 23. Re1 Rae8 24. Bxc4 Bxc4 25. Qf3 Qd6 26. Rf7+ Ka8 27. a4 Rhf8 28. a5 Rxf7 29. Qxf7 Rf8 30. Qxh7 Qc5 31. Qc2 Qxa5 32. Rxe6 Qa1+ 33. Bc1 Rc8 34. h4 Qd4 35. Bg5 Kb7 36. Re7+ Rc7 37. Rxc7+ Kxc7 38. Qh7+ Kb8 39. Qf7 Qa1+ 40. Kh2 Qh8 41. h5 b5 42. Bf6 d4 43. Qg6 Qf8 44. Bxd4 Qe7 45. Bg7 Bg8 46. h6 Kb7 47. Kg3 Qa3+ 48. Kh2 Qe7 49. Kg3 Qa3+ 50. f3 Qe3 51. Qe4 Qg5+ 52. Qg4 Qe7 53. f4 Qe3+ 54. Kh2 Qe4 55. Qd7+ Ka6 56. Qc8+ Kb6 57. Qd8+ Ka6 58. Qc8+ Kb6 59. Qd8+ Ka6 60. Qxg8 Qxf4+ 61. Kh3 Qf5+ 62. g4 Qf3+ 63. Kh4 Qf2+ 64. Kh5 Qh2+ 65. Kg6 Qc2+ 66. Kf6 Qf2+ 67. Ke7 Qe2+ 68. Qe6 1-0

[Event "Reykjavik op"]
[Site "Reykjavik"]
[Date "2015.03.11"]
[Round "3"]
[White "Stopa, Jacek"]
[Black "Soors, Stef"]
[Result "1-0"]
[WhiteElo "2544"]
[BlackElo "2408"]
[PlyCount "47"]
[EventDate "2015.03.10"]
[EventType "swiss"]
[EventRounds "10"]
[EventCountry "ISL"]
[SourceTitle "CBM 165 Extra"]
[Source "ChessBase"]
[SourceDate "2015.04.21"]
[SourceVersion "1"]
[SourceVersionDate "2015.04.21"]
[SourceQuality "1"]

1. d4 Nf6 2. c4 e6 3. Nc3 Bb4 4. f3 d5 5. a3 Be7 6. e4 dxe4 7. fxe4 e5 8. d5 Bc5 9. Bg5 h6 10. Bh4 Bd4 11. Nb5 Bxb2 12. Rb1 a6 13. Bxf6 gxf6 14. Nxc7+ Qxc7 15. Rxb2 Nd7 16. Qf3 b5 17. Nh3 bxc4 18. Nf2 Rg8 19. g3 Rg6 20. Be2 Nb6 21. 0-0 Bd7 22. Qe3 f5 23. exf5 Bxf5 24. d6 1-0

[Event "Amsterdam Batavia Grolsch 7th"]
[Site "Amsterdam"]
[Date "2015.02.23"]
[Round "4"]
[White "Soors, Stef"]
[Black "Gormally, Daniel"]
[Result "1-0"]
[WhiteElo "2407"]
[BlackElo "2489"]
[PlyCount "59"]
[EventDate "2015.02.20"]
[EventType "tourn"]
[EventRounds "9"]
[EventCountry "NED"]
[EventCategory "8"]
[SourceTitle "CBM 165 Extra"]
[Source "ChessBase"]
[SourceDate "2015.04.21"]
[SourceVersion "1"]
[SourceVersionDate "2015.04.21"]
[SourceQuality "1"]

1. e4 c5 2. c3 d5 3. exd5 Qxd5 4. d4 Nf6 5. Nf3 e6 6. Be2 Be7 7. 0-0 Nc6 8. c4 Qd8 9. dxc5 0-0 10. a3 a5 11. Nc3 Bxc5 12. Na4 b6 13. Bf4 Nd7 14. Bd6 Re8 15. Rb1 e5 16. Bxc5 bxc5 17. Qd5 Qc7 18. Ng5 Nf6 19. Qxc5 Ra7 20. Rfe1 Bf5 21. Rbc1 Nd4 22. Bd1 Qxc5 23. Nxc5 e4 24. Ba4 Re5 25. Rcd1 Rxc5 26. Rxd4 g6 27. f3 Rb7 28. Nxe4 Bxe4 29. fxe4 Rxb2 30. e5 1-0

[Event "Amsterdam Batavia Grolsch 7th"]
[Site "Amsterdam"]
[Date "2015.02.22"]
[Round "3"]
[White "Soors, Stef"]
[Black "Zwirs, Nico"]
[Result "1/2-1/2"]
[WhiteElo "2407"]
[BlackElo "2358"]
[PlyCount "123"]
[EventDate "2015.02.20"]
[EventType "tourn"]
[EventRounds "9"]
[EventCountry "NED"]
[EventCategory "8"]
[SourceTitle "CBM 165 Extra"]
[Source "ChessBase"]
[SourceDate "2015.04.21"]
[SourceVersion "1"]
[SourceVersionDate "2015.04.21"]
[SourceQuality "1"]

1. e4 c5 2. c3 d5 3. exd5 Qxd5 4. d4 Nf6 5. Nf3 e6 6. Na3 Nc6 7. Be3 cxd4 8. Nb5 Qd7 9. Nbxd4 Nd5 10. Bd2 Qc7 11. Nxc6 bxc6 12. c4 Nb6 13. Bd3 Bb7 14. Qe2 c5 15. 0-0-0 Be7 16. Ng5 Bf6 17. Nxh7 Bd4 18. Ng5 0-0-0 19. Nf3 Bf6 20. Kc2 Na4 21. Rb1 Rd7 22. Be4 Rhd8 23. Rhe1 Ba6 24. Red1 Bd4 25. g4 g6 26. g5 e5 27. Be1 Nb6 28. Nd2 Nd5 29. Bxd5 Rxd5 30. Ne4 R5d7 31. f3 Qc6 32. b3 Bb7 33. Rbc1 Rh8 34. Rd3 Kb8 35. Bg3 Ka8 36. Rh1 Rb8 37. h4 Ba6 38. Rd2 Rb4 39. Nc3 Bb7 40. Nd5 Rxd5 41. cxd5 Qxd5 42. Rxd4 Rxd4 43. Bxe5 Re4 44. fxe4 Qxe4+ 45. Qxe4 Bxe4+ 46. Kc3 Bxh1 47. Kc4 Be4 48. Kxc5 Bb1 49. a3 Bc2 50. b4 Kb7 51. b5 a6 52. b6 Bd1 53. Bd4 Bc2 54. Kd6 Bb3 55. Ke7 Kc6 56. Kd8 Kb7 57. Kd7 Ba4+ 58. Ke7 Bb3 59. Bc5 Kc6 60. Kf6 Bd5 61. Bd4 Bb3 62. Ke7 1/2-1/2

[Event "Amsterdam Batavia Grolsch blitz 7th"]
[Site "Amsterdam"]
[Date "2015.02.19"]
[Round "7"]
[White "Lai, Hing Ting"]
[Black "Soors, Stef"]
[Result "1-0"]
[WhiteElo "2308"]
[BlackElo "2407"]
[PlyCount "95"]
[EventDate "2015.02.19"]
[EventType "tourn (blitz)"]
[EventRounds "9"]
[EventCountry "NED"]
[EventCategory "7"]
[SourceTitle "CBM 164 Extra"]
[Source "ChessBase"]
[SourceDate "2015.03.02"]
[SourceVersion "1"]
[SourceVersionDate "2015.03.02"]
[SourceQuality "1"]

1. c4 e5 2. g3 Nc6 3. Nc3 Bc5 4. Bg2 a6 5. Nf3 d6 6. 0-0 Nf6 7. a3 0-0 8. b4 Ba7 9. d3 Nd4 10. Bb2 Nxf3+ 11. Bxf3 c6 12. e3 Bh3 13. Bg2 Bxg2 14. Kxg2 d5 15. cxd5 cxd5 16. Ne2 Qe7 17. Rc1 Rac8 18. Qb3 h5 19. h4 Qe6 20. Ng1 Ng4 21. Nf3 Bxe3 22. fxe3 Nxe3+ 23. Kh2 Nxf1+ 24. Rxf1 f6 25. Rf2 b5 26. Nd2 Rc6 27. Nf1 Rfc8 28. Qd1 Qg4 29. Qb3 Qe6 30. Qd1 Qg4 31. Qb3 Qe6 32. Re2 d4 33. Qd1 Qg4 34. Qb3+ Kh7 35. Rf2 R8c7 36. Kg2 Qc8 37. Qd1 Qg4 38. Qb3 Qc8 39. Qd1 Qg4 40. Qb3 Qe6 41. Qd1 g6 42. Nh2 Qc8 43. Qf3 Rc2 44. Qxf6 Rxf2+ 45. Kxf2 Rc2+ 46. Kg1 Rxb2 47. Qe7+ Kg8 48. Nf1 1-0

[Event "Amsterdam Batavia Grolsch blitz 7th"]
[Site "Amsterdam"]
[Date "2015.02.19"]
[Round "8"]
[White "Soors, Stef"]
[Black "Gormally, Daniel"]
[Result "0-1"]
[WhiteElo "2407"]
[BlackElo "2489"]
[PlyCount "58"]
[EventDate "2015.02.19"]
[EventType "tourn (blitz)"]
[EventRounds "9"]
[EventCountry "NED"]
[EventCategory "7"]
[SourceTitle "CBM 164 Extra"]
[Source "ChessBase"]
[SourceDate "2015.03.02"]
[SourceVersion "1"]
[SourceVersionDate "2015.03.02"]
[SourceQuality "1"]

1. e4 c5 2. c3 Nf6 3. e5 Nd5 4. d4 cxd4 5. Nf3 e6 6. cxd4 b6 7. Nc3 Nxc3 8. bxc3 Qc7 9. Bd2 d6 10. Bd3 Bb7 11. 0-0 Nd7 12. Ng5 dxe5 13. Qh5 g6 14. Qh3 Be7 15. f4 exd4 16. cxd4 Qd6 17. Rae1 Qxd4+ 18. Kh1 Bxg5 19. fxg5 0-0 20. Rf4 Qb2 21. Be3 Nc5 22. Bxc5 bxc5 23. Rb1 Qd2 24. Rh4 Bxg2+ 25. Qxg2 Qxd3 26. Rf1 Qd5 27. Rf3 Rab8 28. h3 Rb1+ 29. Kh2 Rfb8 0-1

[Event "Amsterdam Batavia Grolsch blitz 7th"]
[Site "Amsterdam"]
[Date "2015.02.19"]
[Round "6"]
[White "Soors, Stef"]
[Black "Reinderman, Dimitri"]
[Result "0-1"]
[WhiteElo "2407"]
[BlackElo "2586"]
[PlyCount "74"]
[EventDate "2015.02.19"]
[EventType "tourn (blitz)"]
[EventRounds "9"]
[EventCountry "NED"]
[EventCategory "7"]
[SourceTitle "CBM 164 Extra"]
[Source "ChessBase"]
[SourceDate "2015.03.02"]
[SourceVersion "1"]
[SourceVersionDate "2015.03.02"]
[SourceQuality "1"]

1. e4 d5 2. exd5 Qxd5 3. Nc3 Qa5 4. d4 c6 5. Nf3 Bf5 6. Bc4 e6 7. Bd2 Nf6 8. Nd5 Qd8 9. Nxf6+ gxf6 10. Qe2 Bxc2 11. Rc1 Bg6 12. 0-0 Be7 13. Rfe1 0-0 14. Nh4 Re8 15. Nxg6 hxg6 16. h4 Bf8 17. h5 g5 18. Rcd1 Nd7 19. f4 Nb6 20. Bb3 gxf4 21. Qg4+ Kh8 22. Bxf4 Nd5 23. Rd3 f5 24. Be5+ Kh7 25. Qh3 Bh6 26. Rg3 Rg8 27. Kh1 Qd7 28. Bc2 Rxg3 29. Qxg3 Rg8 30. Qh3 Nf4 31. Bxf4 Bxf4 32. Rf1 Qxd4 33. Bxf5+ Kh6 34. Bb1 Qd2 35. Qf3 e5 36. Qe4 f5 37. Qxf5 Qxg2# 0-1